Marchi automobilisitici passati e presenti - Statistics

Statistiche generali
  • Questo quiz è stato fatto 205 volte
  • Il punteggio medio è 39 su 150
Statistiche sulle risposte
Nazione Casa Automobilistica % Corretto
Italia Fiat
97%
Italia Ferrari
96%
Italia Lamborghini
93%
Germania Mercedes Benz
89%
Germania Audi
86%
Italia Alfa Romeo
85%
USA Ford
84%
Germania BMW
80%
Francia Citroen
78%
Italia Maserati
77%
Francia Renault
77%
Giappone Toyota
77%
Francia Bugatti
75%
Giappone Honda
75%
Italia Lancia
75%
Francia Peugeot
75%
Germania Volkswagen
73%
Germania Opel
71%
Germania Porsche
71%
Regno Unito Aston Martin
70%
Giappone Nissan
68%
USA Chevrolet
63%
Romani Dacia
63%
Spagna Seat
63%
Regno Unito Bentley
59%
Corea del Sud Hyundai
59%
Regno Unito McLaren
59%
Regno Unito Rolls-Royce
59%
Giappone Suzuki
59%
Svezia Volvo
59%
Regno Unito MINI
58%
Giappone Mitsubishi
58%
Italia Pagani
58%
Repubblica Ceca Skoda
58%
Italia Abarth
56%
Corea del Sud Kia
56%
USA Tesla
56%
Regno Unito Land Rover
54%
Giappone Subaru
54%
USA Cadillac
53%
USA Jeep
52%
Giappone Mazda
48%
Francia Alpine
47%
Regno Unito Jaguar
47%
Regno Unito Lotus
42%
USA Dodge
41%
Spagna Cupra
40%
Germania Smart
40%
Giappone Lexus
39%
USA Chrysler
37%
Italia DR
37%
Francia DS
36%
Russia Lada
32%
India Tata
31%
Italia Dallara
30%
Regno unito-Cina MG
30%
Svezia Koenigsegg
23%
Svezia SAAB
23%
Italia Autobianchi
22%
Usa RAM
22%
Giappone Infiniti
21%
Regno Unito Rover
21%
Cina BYD
20%
Giappone Daihatsu
20%
USA Corvette
19%
USA Pontiac
18%
Giappone Isuzu
16%
USA Lincoln
16%
USA Buick
15%
Usa Hummer
15%
India Mahindra
15%
Corea del Sud Daewoo
13%
USA GMC
13%
Corea del Sud SangYong
12%
Italia De Tomaso
11%
Italia Innocenti
11%
Svezia Polestar
11%
Svezia-Cina Link & Co
9%
Regno Unito Austin
8%
Regno Unito Caterham
8%
Corea del Sud Genesis
8%
Australia Holden
8%
Francia Matra
8%
Regno Unito Morgan
8%
USA Shelby
8%
USA Delorean
6%
Italia EVO
6%
Cina Great Wall
6%
Regno Unito Triumph
6%
Regno Unito Ineos
5%
Regno Unito-Francia Talbot
5%
Regno Unito TVR
5%
Cina Chery
4%
USA Fisker
4%
Russia NSU
4%
Russia UAZ
4%
Cina EMC
3%
Cina Haval
3%
Cina Nio
3%
USA Plymouth
3%
Vietnam Vinfast
3%
Germania Borgward
2%
USA Oldsmobile
2%
Spagna Santana
2%
Cina Xpeng
2%
Cina Zeekr
2%
Regno Unito Austin Healey
1%
Cina Baic
1%
Regno Unito Bedford
1%
Cina DFSK
1%
Germania DKW
1%
Paesi Bassi Donkervoort
1%
Belgio Gillet
1%
Regno Unito Jensen
1%
USA Lucid
1%
Russia Moskvič
1%
Cina Saic Maxus
1%
Cina Seres
1%
Regno Unito Spyker
1%
USA Studebaker
1%
Turchia Togg
1%
Germania Est Wartburg
1%
Germania Wiesmann
1%
Serbia Zastava
1%
Germania Est Automobilwerk Zwickau
0%
Germania Boldmen
0%
Regno Unito Bristol
0%
Cina Changhe
0%
Francia De La Chapelle
0%
Francia DeVinci
0%
Cina Brilliance
0%
Cina GAC
0%
Cina Haima
0%
Cina Hongqui
0%
Spagna Hurtan
0%
Italia Iso Rivolta
0%
Cina Jac
0%
Regno Unito Levc
0%
Giappone Mitsuoka
0%
Francia MPM
0%
Regno Unito Panther Westwinds
0%
Regno Unito Reliant
0%
Cina Shuanghuan
0%
RegnoUnito Singer
0%
Cina Skywell
0%
USA Vanderhall
0%
Cina Weltmeister
0%
Germania Wenckstern
0%
Cina WEY
0%
Cina Zotye
0%
Nessun quiz corrispondente trovato
Distribuzione punteggi
Percentuale di utenti per punteggio
Percentile per numero di risposta
I tuoi punteggi nel tempo
Non hai fatto questo quiz